000 00708nam a2200229Ia 4500
003 GCL
008 140319s9999 xx 000 0 ara d
040 _aGCL /
_cGCL
082 0 4 _a320.956
_bع م
100 1 _aذوقان قرقوط
245 1 0 _aالمازق اسرائيل /
_cذوقان قرقوط
700 1 _aغارودى، روجيه
260 _a[S.N] :
_bدار المسيرة للنشر والتوزيع والطباعة ،
_c1984
300 _a247 ص
490 _a
650 0 4 _aالنزاع العربى الاسرائيلى
650 0 4 _aالسياسة
650 0 4 _aاسرائيل
650 0 4 _aالسياسة الخارجية
650 0 4 _aالصهيونية
942 _2ddc
_cBK
999 _c34839
_d34839